| 000 | 00547 a2200181 4500 | ||
|---|---|---|---|
| 020 | _a0805387145 | ||
| 040 |
_aDLC _bDLC |
||
| 082 | 0 | 4 | _a530.12 |
| 100 | 1 | _aLiboff, Richard L., | |
| 245 | 1 | 0 |
_aIntroductory quantum mechanics _cRichard L. Liboff. |
| 246 | 3 | 0 | _aQuantum mechanics |
| 250 | _a4th ed. | ||
| 260 |
_aIslamabad : _bNational Bokk Foundation, |
||
| 300 |
_axvii, 878 p. : _bill. ; _c25 cm. |
||
| 650 | 0 | _aQuantum theory. | |
| 856 | 4 | 1 |
_3Table of contents _uhttp://www.loc.gov/catdir/toc/fy034/2002511525.html |
| 942 |
_cBK _k530.12 LIB _2ddc |
||
| 999 |
_c7807 _d7807 |
||